| Поле | Название | Значение |
| |
Тип записи |
a |
| |
Библиографический уровень |
s |
| 001 |
Контрольный номер |
97b62ff8ed2c4eecb8d255213f6a365b |
| 005 |
Дата корректировки |
20260428123843.1 |
| 040 |
Источник каталогиз. |
__ |
| a |
Служба первич. каталог. |
ГНЮ |
| b |
Код языка каталог. |
rus |
| 041 |
Код языка издания |
0_ |
| a |
Код языка текста |
rus |
| 084 |
Индекс другой классификации/Индекс ББК |
__ |
| a |
Индекс другой классификации/Индекс ББК |
39я73 |
| 084 |
Индекс другой классификации/Индекс ББК |
__ |
| a |
Индекс другой классификации/Индекс ББК |
Х621.163.04я73 |
| 100 |
Автор |
1_ |
| a |
Автор |
Монина О. Ю. |
| 245 |
Заглавие |
10 |
| a |
Заглавие |
Статистические методы анализа, оценки и прогнозирования дорожно-транспортной аварийности |
| h |
Физич. носитель |
Электронный ресурс |
| b |
Продолж. заглавия |
учебно-методическое пособие |
| c |
Ответственность |
Министерство внутренних дел Российской Федерации, Научный центр безопасности дорожного движения |
| 260 |
Выходные данные |
__ |
| a |
Место издания |
Москва |
| b |
Издательство |
ФКУ "НЦ БДД МВД России" |
| c |
Дата издания |
2025 |
| 300 |
Физическое описание |
__ |
| a |
Объем |
56 с. |
| 336 |
Вид содержания |
__ |
| a |
Термин вида содержания |
Текст |
| 337 |
Средство доступа |
__ |
| a |
Термин типа средства |
электронный |
| 504 |
Библиография |
__ |
| a |
Библиография |
Библиогр.: с. 53-54 |
| 650 |
Тематические рубрики |
14 |
| a |
Основная рубрика |
Транспорт |
| 650 |
Тематические рубрики |
14 |
| a |
Основная рубрика |
РОССИЙСКОЕ АДМИНИСТРАТИВНОЕ ПРАВО |
| x |
Основная подрубрика |
ОТДЕЛЬНЫЕ ВОПРОСЫ РУКОВОДСТВА В ОБЛАСТИ ВНУТРЕННИХ ДЕЛ |
| 653 |
Ключевые слова |
1_ |
| a |
Ключевые слова |
БЕЗОПАСНОСТЬ ДОРОЖНОГО ДВИЖЕНИЯ; ПРАВОВОЕ РЕГУЛИРОВАНИЕ ДОРОЖНОГО ДВИЖЕНИЯ; ТРАНСПОРТ; СТАТИСТИЧЕСКИЕ МЕТОДЫ; ДОРОЖНО-ТРАНСПОРТНАЯ АВАРИЙНОСТЬ; АНАЛИЗ ДОРОЖНО-ТРАНСПОРТНОЙ АВАРИЙНОСТИ; ОЦЕНКА ДОРОЖНО-ТРАНСПОРТНОЙ АВАРИЙНОСТИ; ПРОГНОЗИРОВАНИЕ ДОРОЖНО-ТРАНСПОРТНОЙ АВАРИЙНОСТИ |
| 856 |
Электронный адрес документа |
40 |
| y |
Справочный текст |
Статистические методы анализа, оценки и прогнозирования дорожно-транспортной аварийности |
| u |
URL |
http://mp.na-mvd.ru/MegaPro/Download/MObject/7203 |
| 900 |
Электронные ресурсы |
__ |
| a |
Имя электронного ресурса |
Статистические методы анализа, оценки и прогнозирования ДТА |
| 901 |
Тип документа |
__ |
| t |
Тип документа |
0 |
| 905 |
Дата создания записи |
__ |
| a |
Дата создания записи |
20260428 |
| 952 |
Тип литературы |
__ |
| c |
Вид литературы |
учебная |
| c |
Вид литературы |
учебно-методическое пособие |